Top Goalscorers (in history) - Statistics

General Stats
  • This quiz has been taken 17 times
  • The average score is 7 of 15
Answer Stats
Hint Answer % Correct
1,283 Pele
100%
793 Lionel Messi
92%
818 Ronaldo
92%
735 Muller
85%
572 Lewandowski
77%
522 Suarez
62%
499 Di Stefano
54%
542 Eusebio
38%
741 Puskas
38%
772 Romario
31%
804 Josef Bican
15%
572 Zlatan
15%
647 Jimmy Jones
0%
529 Langara
0%
529 McGrory
0%
No matching quizzes found
Score Distribution
Percent of People with Each Score
Percentile by Number Answered
Your Score History
You have not taken this quiz